000 00957cam a22002895a 4500
999 _c5886
_d5886
003 EG-ScBUE
005 20200108120722.0
008 170427s2005 enka f b 001 0 eng d
020 _a0192802356 (alk. paper)
020 _a9780192802354 (alk. paper)
040 _aEG-ScBUE
_beng
_erda
_cEG-ScBUE
_dEG-ScBUE
_dEG-ScBUE
082 0 4 _a809.9162
_bPOO
_222
100 1 _aPoole, Adrian,
_eauthor.
245 1 0 _aTragedy :
_ba very short introduction /
_cAdrian Poole.
264 1 _aOxford ;
_aNew York :
_bOxford University Press,
_c2005.
300 _a147 pages :
_billustrations ;
_c18 cm
336 _2rdacontent
_atext
_btxt
337 _2rdamedia
_aunmediated
_bn
338 _2rdacarrier
_avolume
_bnc
504 _aIncludes bibliographical references and index.
590 _amahmoud sami
650 7 _aTragedy
_2BUEsh
_930508
650 7 _aTragic, The.
_2BUEsh
653 _bHHUUPPSS
_cApril2017
655 _vReading book
942 _2ddc
_cBB